World Happiness Report 2015 - Statistics

General Stats
  • This quiz has been taken 62 times
    61 since last reset
  • The average score is 9 of 15
Answer Stats
Hint: Population Rank Happiest Nations % Correct
318 892 000 15. USA
83%
.......317 000 2. Iceland
80%
....5 148 000 4. Norway
78%
....5 569 000 3. Denmark
73%
....9 724 000 8. Sweden
68%
....8 061 000 1. Switzerland
68%
..34 835 000 5. Canada
65%
....5 269 000 6. Finland
63%
..16 877 000 7. Netherlands
60%
..22 508 000 10. Australia
58%
....4 402 000 9. New Zealand
53%
120 287 000 14. Mexico
45%
....8 223 000 13. Austria
40%
....4 755 000 12. Costa Rica
30%
....7 822 000 11. Israel
28%
No matching quizzes found
Score Distribution
Percent of People with Each Score
Percentile by Number Answered
Your Score History
You have not taken this quiz since the last reset